| 000 | 00338nam a22001337a 4500 | ||
|---|---|---|---|
| 020 | _a0192149865 | ||
| 082 | _a338.0947 HUT | ||
| 100 | _aHutchings, Raymond | ||
| 245 | _aSeasonal Influences in solvent industry | ||
| 260 |
_aLondon _bOxford university _c1971 |
||
| 300 |
_axiii,321p. _bill, 24cm. |
||
| 500 | _aInclude index | ||
| 942 | _cBK | ||
| 999 |
_c14041 _d14041 |
||